banner koha

Avaliação hemogasométrica em cadelas com piometra (Registro n. 329255)

MARC details
000 -LÍDER
fixed length control field 03407nab a2200397 i 4500
003 - CÓDIGO MARC DA AGÊNCIA CATALOGADORA
Campo de controle BR-BrBNA
005 - DATA E HORA DA ÚLTIMA ATUALIZAÇÃO
Campo de controle 20241213174507.0
008 - CAMPO DE TAMANHO FIXO
fixed length control field 241213b2015 bl.|r|pooa||| 00| 0 por |
040 ## - FONTE DA CATALOGAÇÃO
Agência catalogadora BR-BrBNA
Idioma da catalogação por
072 ## - CATEGORIA AGRIS
Código AGRIS L70
Código do objeto 5400
072 ## - CATEGORIA AGRIS
Código AGRIS L73
100 ## - ENTRADA PRINCIPAL - NOME PESSOAL
Nome pessoal Mamão, L.D.
100 ## - ENTRADA PRINCIPAL - NOME PESSOAL
Nome pessoal Malm, C.
100 ## - ENTRADA PRINCIPAL - NOME PESSOAL
Nome pessoal Figueiredo, M.D.S.
100 ## - ENTRADA PRINCIPAL - NOME PESSOAL
Nome pessoal Beier, S.L.
100 ## - ENTRADA PRINCIPAL - NOME PESSOAL
Nome pessoal Silva, M.X.
100 ## - ENTRADA PRINCIPAL - NOME PESSOAL
Nome pessoal Valente, P.C.L.G.
100 ## - ENTRADA PRINCIPAL - NOME PESSOAL
Nome pessoal Costa, M.P.
100 ## - ENTRADA PRINCIPAL - NOME PESSOAL
Nome pessoal Alvarenga, L.A.A.
100 ## - ENTRADA PRINCIPAL - NOME PESSOAL
Nome pessoal Costa, P.Z.
100 ## - ENTRADA PRINCIPAL - NOME PESSOAL
Nome pessoal Souza, E.F.D.
100 ## - ENTRADA PRINCIPAL - NOME PESSOAL
Nome pessoal Pinto, A.P.D.
245 ## - TÍTULO PRINCIPAL
Título principal Avaliação hemogasométrica em cadelas com piometra
500 ## - NOTA GERAL
Nota geral <br/>Publicação online; 18 ref.; 4 tables; Summaries (En, Pt)
942 ## - ADDED ENTRY ELEMENTS (KOHA)
Koha item type Analítica
520 ## - NOTA DE RESUMO
Nota de conteúdo <br/><br/><br/>RESUMO - A piometra é uma afecção comum em cadelas com uma etiologia hormonal associada à infecção bacteriana, levando ao acúmulo de exsudato uterino. Desequilíbrios ácido-base e hidroeletrolíticos são complicações que contribuem para a progressão da doença, o que piora o estado geral da paciente e pode levá-la ao óbito. O objetivo do presente trabalho foi caracterizar os distúrbios ácido-base e eletrolíticos em cadelas com piometra, além de avaliar se a terapia hídrica pré-cirúrgica (Ringer lactato) é efetiva na correção desses desequilíbrios. Vinte cadelas com piometra foram submetidas à hemogasometria em oito tempos preestabelecidos. Concluiu-se que o distúrbio ácido-base mais frequente foi a alcalose respiratória e que a terapia hídrica no pré-cirúrgico com solução Ringer lactato foi efetiva na correção da acidose metabólica e proporcionou melhora na alcalose respiratória, embora não tenha corrigido quadros de alcalose metabólica.<br/><br/><br/>Palavras-chave: piometra, cadela, desequilíbrios ácido-base e hidroeletrolíticos
520 ## - NOTA DE RESUMO
Nota de conteúdo <br/><br/><br/>ABSTRACT - Pyometra is a common disease in dogs with a hormonal etiology associated with a bacterial infection and leading to accumulation of uterine exudates. Acid-base and electrolyte disturbances are complications that contribute to disease progression, worsening the condition of the patient, possibly leading death. The aim of this study was to characterize the acid-base and electrolyte disturbances in dogs with pyometra, and to evaluate whether preoperative fluid therapy (Ringer's lactate) is effective in correcting these imbalances. Twenty bitches with pyometra were subjected to blood gas analysis in eight pre-set times. It was concluded that the acid-base disorder was the most frequent respiratory alkalosis and fluid therapy in the preoperative Ringer 's lactate solution was effective in the correction of metabolic acidosis, although this has not corrected metabolic alkalosis frames and has provided improved alkalosis breathing .<br/><br/><br/>Keywords: Pyometra , bitch, acid-base imbalances and electrolyte
650 ## - ASSUNTO - THESAGRO
Cabeçalho tópico ou nome geográfico CÃO
650 ## - ASSUNTO - THESAGRO
Cabeçalho tópico ou nome geográfico DISTÚRBIO FISIOLÓGICO
650 ## - ASSUNTO - THESAGRO
Cabeçalho tópico ou nome geográfico DIAGNÓSTICO
650 ## - ASSUNTO - THESAGRO
Cabeçalho tópico ou nome geográfico PIOMETRA
650 ## - ASSUNTO - THESAGRO
Cabeçalho tópico ou nome geográfico VETERINÁRIA
773 0# - ENTRADA ANALÍTICA
Host Biblionumber 1643
Registro do item 315896
Imprenta Belo Horizonte-MG Universidade Federal de Minas Gerais - Escola de Veterinaria 1983
Outro identificador 2024-2261
Título Arquivo Brasileiro de Medicina Veterinária e Zootecnia (Brazil)
ISSN 0102-0935
Colação v. 67(5) p. 1241-1248; (2015)
Número de controle de registro BR2024003991
856 ## - ACESSO E ENDEREÇO ELETRÔNICO
Identificador uniforme de recurso - URI https://www.scielo.br/j/abmvz/a/LXy7QSYRnzZ7p3dsVVxZrNF/?format=pdf&lang=pt

Nenhum exemplar disponível.

BINAGRI

Telefone: (61)3218-2567/2388/3357/2097 - binagri@agro.gov.br

Ministério da Agricultura e Pecuária , Esplanada dos Ministérios, Bloco D, Anexo B, Brasília/DF, CEP: 70.043-900